000
00289nam a2200133Ia 4500
100
_a
ILO
942
_c
BK
654
_a
work
245
_a
Introduction to work study
260
_b
Universal Book Corporation
_a
Bombay
_c
1986
082
_a
658.542
_b
ILO
300
_a
442
546
_a
ENGLISH
999
_c
30505
_d
30505